Poetria nova (Registo nº 201868)
[ vista simples ]
| 000 -Etiqueta do registo | |
|---|---|
| Valores | 00776nam 22002293 4500 |
| 010 ## - Número ISBN | |
| ISBN | 972-667-119-1 |
| 021 ## - Número do Depósito Legal | |
| Código do país | Portugal |
| Número | 36923/90 |
| 100 ## - Dados gerais de processamento | |
| Dados gerais | 20260420d u||y0pory50 ba |
| 200 ## - Titulo e menção de responsabilidade | |
| Título próprio | Poetria nova |
| Primeira menção de responsabilidade | Geoffroi de Vinsauf |
| Outras menções de responsabilidade | tradução, introdução e notas de Manuel dos Santos Rodrigues |
| 205 ## - Menção da edição | |
| Edição | 1ª |
| 210 ## - Publicação | |
| Local de publicação | Lisboa |
| Nome do editor | Instituto Nacional de Investigação Científica |
| Data de publicação | 1990 |
| 215 ## - Descrição física | |
| Paginação / Volumes | 225, [3] p. |
| Outras indicações físicas | brochado |
| Dimensões | 23 cm |
| 225 ## - Colecção | |
| Título próprio da colecção | Biblioteca Euphrosyne |
| Número de parte ou secção | 8 |
| 606 ## - Nome comum usado como assunto | |
| ID Autoridade | 3661 |
| Palavra de ordem | Crítica Literária.Estudos Literários |
| 675 ## - CDU | |
| Notação | 82.09 |
| Edição | PT |
| Língua | por |
| 700 ## - Autor principal (pessoa individual) | |
| ID Autoridade | 17156 |
| Apelido | Vinsauf |
| Nome | Geoffroi de |
| Datas | fl. 1200 |
| 702 ## - Autor secundário (pessoa individual) | |
| ID Autoridade | 17157 |
| Apelido | Rodrigues |
| Nome | Manuel dos Santos Rodrigues |
| Datas | 1950- |
| 801 ## - Fonte de origem | |
| País | PT |
| Agência | BMMN |
| Regras de catalogação | RPC |
| 830 ## - Notas gerais do catalogador | |
| Criado por | Vanda |
| 990 ## - Elementos KOHA | |
| Tipo de documento | Livro |
| Situação do levantamento | Biblioteca de origem | Código de barras | Cota | Permissão de empréstimo | Tipo de documento | Forma de aquisição |
|---|---|---|---|---|---|---|
| Biblioteca Municipal de Montemor-o-Novo | 31254 | 82.09 VIN|DEP | Livro | Compra |